Statistiques concernant Les 20 départements les plus à l'est - Facile

Cliquez ici pour prendre le quiz!

Statistiques générales

  • Ce quiz a été pris 113 fois
  • Le résultat moyen est 17 sur 20

Statistiques - réponses

DépartementCoordonnéesLocalité% Correct
Bas-Rhin8° 10′ 28″ EstLauterbourg
97%
Haut-Rhin7° 36′ 14″ EstGeiswasser
97%
Alpes-Maritimes7° 37′ 01″ EstLa Brigue
95%
Haute-Savoie6° 52′ 11″ EstChamonix-Mont-Blanc
94%
Moselle7° 35′ 12″ EstSturzelbronn
94%
Savoie7° 02′ 50″ EstBonneval-sur-Arc
94%
Alpes-de-Haute-Provence6° 45′ 08″ EstSaint-Paul-sur-Ubaye
89%
Doubs7° 02′ 52″ EstMontancy
88%
La Réunion55° 50′ 11″ EstSainte-Rose (Pointe des Cascades)
88%
Meurthe-et-Moselle7° 05′ 41″ estRaon-lès-Leau
88%
Territoire de Belfort7° 06′ 40″ EstRéchésy
88%
Hautes-Alpes6° 57′ 23″ EstRistolas
86%
Isère6° 10′ 40″ EstSaint-Christophe-en-Oisans
86%
Mayotte45° 17′ 44″ EstPamandzi (Plage de la Moya)
85%
Var6° 52′ 06″ EstSaint-Raphaël
84%
Vosges7° 09′ 09″ EstLubine
83%
Corse-du-Sud9° 40' 80'' EstConca (La Guardia)
82%
Haute-Corse9° 56′ 00″ EstSan Giuliano (Plage de Florentine)
81%
Ain6° 08′ 34″ EstDivonne-les-Bains
76%
Haute-Saône6° 47′ 34″ EstBrevilliers
64%

Distribution des résultats

Percentile par nombre de réponses

% des personnes avec chaque résultat

Votre développement - résultats

Vous n’avez pas pris ce quiz